000 00811nam a2200181Ia 4500
008 0000001999 sp a 0000000000spa00
090 _aPSP00 C72a
100 1 _aCrespo, Angel
245 1 0 _aPasaporte renovado
_b: ángel Pascual Rodrigo
_c/ textos Angel Crespo, Angel Pascual
300 _a32 p.
_c/ 13 cm.
500 _aExposición realizada en el Ayuntamiento de Alcañiz y en el Museo Juan Cabré, Calaceite, Aragón, 1999 \ Con el patronazgo del maestro venezolano Jesús Rafael Soto (q.e.p.d.) \ Registro auspiciado por el IDCT. Bogotá
600 0 0 _a PASCUAL RODRIGO, ANGEL, 1951/
_xTRABAJOS PICTORICOS
650 1 4 _a ARTE CONTEMPORANEO ESPAÑOL
650 1 4 _xCATALOGOS
650 1 4 _xEXPOSICIONES
650 1 4 _aPINTURA ESPAÑOLA
999 _c4363
_d4363
260 _a[Calacette] : Museo Juan Cabré
_c1999